Niekoľko poznámok k zániku mandátu poslanca zastupiteľstva

Otázky spojené s voľbami do obecných zastupiteľstiev, zánik mandátu poslancov a vznik novozvoleného obecného zatupiteľstva. Dohody o prácach vykonávaných mimo pracovného pomeru s obcou, v ktorej sa vykonáva funkcia poslanca.

Salvato in:
Dettagli Bibliografici
Autore principale: Horvat, Matej
Natura: Capitolo di libro
Lingua:slovacco
Soggetti:
Tags: Aggiungi Tag
Nessun Tag, puoi essere il primo ad aggiungerne!!

MARC

LEADER 00000naa a2200000 4500
001 0194200
005 20240502073242.3
041 0 |a slo 
044 |a SK 
245 1 0 |a Niekoľko poznámok k zániku mandátu poslanca zastupiteľstva  |c Matej Horvat 
520 |a Otázky spojené s voľbami do obecných zastupiteľstiev, zánik mandátu poslancov a vznik novozvoleného obecného zatupiteľstva. Dohody o prácach vykonávaných mimo pracovného pomeru s obcou, v ktorej sa vykonáva funkcia poslanca. 
610 2 0 |a voľby 
610 2 0 |a zastupiteľstvá obecné 
610 2 0 |a samospráva 
610 2 0 |a poslanci 
610 2 0 |a právo volebné 
610 2 0 |a zmluvy mandátne 
100 1 |a Horvat, Matej